Performance appraisal (Record no. 53336)

MARC details
000 -LEADER
fixed length control field 00665nam a2200169 a 4500
008 - FIXED-LENGTH DATA ELEMENTS--GENERAL INFORMATION
fixed length control field 120416s1990 ||||||||||||||||| || u
050 ## - LIBRARY OF CONGRESS CALL NUMBER
Classification number HF 5549.5J63 Per
100 ## - MAIN ENTRY--PERSONAL NAME
Personal name McLean, Gary N
245 10 - TITLE STATEMENT
Title Performance appraisal
Statement of responsibility, etc. edited by Garry N. McLean
246 ## - VARYING FORM OF TITLE
Title proper/short title perspectives on a quality management approach
260 ## - PUBLICATION, DISTRIBUTION, ETC.
Place of publication, distribution, etc. Alexandria, VA
Name of publisher, distributor, etc. American Society for Training and Develo
Date of publication, distribution, etc. 1990
300 ## - PHYSICAL DESCRIPTION
Extent (iv), 218p. : ill.
350 ## - PRICE (NR) (BK AM CF MU VM SE) [OBSOLETE]
Price 0.00
700 ## - ADDED ENTRY--PERSONAL NAME
Personal name Damme, Susan R
700 ## - ADDED ENTRY--PERSONAL NAME
Personal name Swanson, Richard A
995 ## - RECOMMENDATION 995 [LOCAL, UNIMARC FRANCE]
-- 0.00
-- CBU-MAIN LIBRARY (Kitwe)
-- 1
-- 19.00
-- AVAILABLE
-- Main Library Open Access Collection
Holdings
Withdrawn status Lost status Source of classification or shelving scheme Damaged status Not for loan Home library Current library Shelving location Date acquired Total Checkouts Full call number Barcode Date last seen Price effective from Koha item type
          CBU-MAIN LIBRARY, KITWE. CBU-MAIN LIBRARY, KITWE.   11/30/2022   HF 5549.5J63 Per 006035 11/30/2022 11/30/2022 MONOGRAPH